Multifactor Analysis of Online Reputation of Selected Car Brands

Salvato in:
Dettagli Bibliografici
Autore principale: Dorčák, Peter, 1979-
Altri autori: Markovič, Peter, 1974-, Pollák, František, 1985-
Natura: Capitolo di libro
Lingua:inglese
Soggetti:
Tags: Aggiungi Tag
Nessun Tag, puoi essere il primo ad aggiungerne!!

MARC

LEADER 00000nla a2200000 4500
001 0234973
005 20240523103343.0
041 0 |a eng 
044 |a SK 
245 1 0 |a Multifactor Analysis of Online Reputation of Selected Car Brands  |c Peter Dorcak, Peter Markovic, Frantisek Pollak 
500 |a Abstrakt 
610 2 0 |a analýza faktorová 
610 2 0 |a značky 
610 2 0 |a značky výrobkov 
610 2 0 |a automobily 
610 2 0 |a reputácia podniku 
610 2 0 |a internet 
610 2 0 |a trh svetový 
100 1 |a Dorčák, Peter, 1979- 
700 1 |a Markovič, Peter, 1974- 
700 1 |a Pollák, František, 1985-